Philippine History Quiz *HARD* (70 QUESTIONS) - Statistics

General Stats
  • This quiz has been taken 884 times
    330 since last reset
  • The average score is 22 of 70
Answer Stats
Hint Answer % Correct
Portuguese Sailor who died in Mactan Ferdinand Magellan
98%
Where the name “Philippines” came from King Philip II
93%
Filipino who wrote “Noli me Tangere” Jose Rizal
74%
National Hero Jose Rizal
74%
Formed the KKK Andres Bonifacio
63%
6th President of the 3rd Republic Ferdinand E. Marcos Sr.
59%
Philippine President which his father was a Dictator Ferdinand R. Marcos Jr.
59%
Formed by Andres Bonifacio KKK
59%
General that said “I shall return” Douglas MacArthur
58%
Three Filipino priests who got executed GomBurZa
58%
General Douglas MacArthur said this city is a “Open City” Manila
57%
President that started the war on drugs Rodrigo Duterte
57%
First President of the Commonwealth Manuel L. Quezon
56%
2nd Female President of the Philippines Gloria Macapagal-Arroyo
51%
He died when he returned to the Philippines Benigno Aquino
50%
President which his father got assasinated Benigno Aquino III
50%
Rodrigo Duterte’s deadly war War on Drugs
48%
Most of the people believed she won the election Corazon Aquino
47%
First Philippine President to get impeached Joseph Ejercito Estrada
42%
President of the Puppet Republic Jose P. Laurel
42%
3rd President of the 3rd Republic Ramon Magsaysay
41%
5th President of the 3rd Republic Diosdado Macapagal
39%
People that brought Mission OsRox Sergio Osmeña Manuel Roxas
39%
Highest Title during Spanish Rule Governor General
38%
Philippine Independence Day (MONTH DAY YEAR) June 12, 1898
38%
First President of the 3rd Republic Manuel Roxas
38%
Treaty that gave ownership of the Philippines to the Americans Treaty of Paris
38%
First City founded in the Philippines Cebu City
37%
First Capital of the Philippines Cebu City
37%
4th President of the 3rd Republic Carlos P. Garcia
36%
2nd President of the 3rd Republic Elpidio Quirino
36%
Designed the Philippine Flag Emilio Aguinaldo
36%
Rodrigo Duterte declared Martial Law on this Island Mindanao
36%
Philippine and American troops walked for 100km Death March
32%
Former Vice Chief-of-Staff during Marcos’s rule and 12th President of the Philippines Fidel V. Ramos
32%
Named the Philippines after King Philip II Ruy Lopez de Villalobos
32%
Revolution that enden Marcos’s rule against the Philippines People Power Revolution
29%
Where the Philippine Flag was first raised Kawit, Cavite
28%
Formed by Jose Rizal La Liga Filipina
28%
Where Emilio Aguinaldo was sent Hong Kong
24%
Former Defense Administrator during Marcos’s rule Juan Ponce Enrile
22%
War between the Philippines and USA Philippine - American War
20%
Ruled the longest revolt during the Spanish era Fransisco Dagohoy
19%
Jose Rizal’s first poem Sa aking mga kabata
19%
Event that lead to the Death of Andres Bonifacio Tejeros Convention
19%
Full name of KKK Kataas-taasang Kagalang-galangang Katipunan ng mga Anak ng Bayan
18%
3rd Spanish sailor to go to the Philippines Miguel Lopez de Legaspi
18%
Date of Philippine Independence from America (month day year) July 4, 1946
15%
Sewn the Philippine Flag Marcela Mariano de Agoncillo
15%
Ferdinand Marcos Sr. started this type of election Snap Election
15%
Mock battle between the Spanish and American forces Battle of Manila
13%
Date when Ferdinand Marcos Sr. declared Martial Law (month day year) September 21, 1972
13%
The First Philippine Republic Malolos Republic
12%
Law that Started the Commonwealth Tydings-McDuffie
12%
Sewn the Philippine Flag Lorenzo Agoncillo
11%
Event that happened in Tejeros Convention
10%
Number of Missions that were sent 12
9%
Philippines Spanish Name La Isla Filipina
8%
First group that wished to be equal with the Spanish Propaganda
8%
Sewn the Philippine Flag Delfina Herbosa de Natividad
7%
Radio that helped start the People Power Revolution Radio Veritas
7%
Event that happened on Dec 7, 1941 Attack on Pearl Harbor
5%
Event that started the beginning of the Philippine Revolution Sigaw sa Pugad Lawin
5%
Philippine and American troops in the Philippines USAFFE
5%
Treaty that gave Philippine Independence Treaty of Manila
4%
Mission that started the Commonwealth Mission OsRox
3%
Truce between the Spanish and Filipinos Kasunduan sa Biak-na-Bato
2%
End of Philippine American War (month day year) July 2 1902
1%
Turning point to the Allies of liberating the Philippines Battle of Leyte Bay
0%
She stated this in the NCR State of Rebellion
0%
No matching quizzes found
Score Distribution
Percent of People with Each Score
Percentile by Number Answered
Your Score History
You have not taken this quiz since the last reset